000 00494nmm a2200169Ia 4500
008 251105s9999||||xx |||||||||||||||||und||
020 _a9788499675879
041 _aspa
100 _aMuñoz Lorente, Antonio
245 0 _aCarlos V a la conquista de Europa
264 _a[Madrid, España] :
_bEdiciones Nowtilus,
_c2015
300 _a352 páginas
490 _aHistoria Incógnita
650 _aHistory (General)
856 _uhttps://public.digitaliapublishing.com/a/171854
942 _cCF
999 _c93148
_d93148